Abundantes divitiae gratiae suae. (Record n. 37635)

Dettagli MARC
000 -LEADER
fixed length control field 01688nam a22001937a 4500
003 - CONTROL NUMBER IDENTIFIER
control field IT-RoPau
005 - DATE AND TIME OF LATEST TRANSACTION
control field 20220918175936.0
008 - FIXED-LENGTH DATA ELEMENTS--GENERAL INFORMATION
fixed length control field 121211b xxu||||| |||| 00| 0 eng d
040 ## - CATALOGING SOURCE
Transcribing agency IT-RoPau
100 ## - MAIN ENTRY--PERSONAL NAME
Personal name Alberione Giacomo
Fuller form of name Fondatore Famiglia Paolina
9 (RLIN) 19
245 ## - TITLE STATEMENT
Title Abundantes divitiae gratiae suae.
Remainder of title Storia carismatica della Famiglia Paolina. Terza edizione con note illustrative a cura del sac. Giuseppe Barbero ssp.
250 ## - EDITION STATEMENT
Edition statement III
260 ## - PUBLICATION, DISTRIBUTION, ETC. (IMPRINT)
Place of publication, distribution, etc. Roma
Name of publisher, distributor, etc. Casa Generalizia Società San Paolo
Date of publication, distribution, etc. 1975
300 ## - PHYSICAL DESCRIPTION
Extent 144 p.
Dimensions 18,5 cm
490 ## - SERIES STATEMENT
Series statement Opera Omnia
Volume/sequential designation I
500 ## - GENERAL NOTE
General note In occasione del quarentesimo anniversario della fondazione della Pia Società San Paolo, festeggiato nell'anno 1954 e in base a delle rivelazioni fatte da Don Alberione si decise di fare degli appunti che qui vengono ora pubblicati.
520 ## - SUMMARY, ETC.
Summary, etc. Foto del Fondatore nel frontespizio<br/><br/>INDICE GENERALE<br/><br/>Presentazione<br/>"Abundantes divitiae gratiae suae"<br/>Momenti di maggior grazia<br/>La missione particolare<br/>Dall' organizzazione alla vita comune-religiosa<br/>La Famiglia Paolina<br/>Giovinezza<br/>Predilezione divina<br/>La condotta di Dio<br/>La romanità<br/>Spirito sociale<br/>Universalità<br/>Lo spirito liturgico<br/>Tre chiese principali<br/>Catechismo<br/>Spirito pastorale<br/>Sale...luce...città...<br/>Spirito paolino<br/>Primi preparativi<br/>...A Roma<br/>Espansività<br/>Il dono e la ricchezza dei Cooperatori<br/>Il lavoro<br/>Provvidenza<br/>Vangelo<br/>Sviluppo personalità<br/><<Non temete...>><br/>La divina assistenza<br/>Profondità spirituale<br/>Le devozioni<br/>Cose da realizzare<br/>Ringraziamento al Signore<br/>Appendice<br/>Commiato<br/><br/>Indice alfabetico (Argomenti - Luoghi - Persone)<br/>Indice delle citazioni bibliche<br/>Avvertenza sull' uso delle Fonti<br/>Indice generale<br/><br/>
942 ## - ADDED ENTRY ELEMENTS (KOHA)
Source of classification or shelving scheme Dewey Decimal Classification
Koha item type LIBRO
Dati di copia
Withdrawn status Lost status Source of classification or shelving scheme Damaged status Not for loan Home library Current library Date acquired Total Checkouts Full call number Date last seen Price effective from Koha item type
    Dewey Decimal Classification Buone Condizioni Not For Loan PAULUS-BIBLIOTECA PAULUS-BIBLIOTECA 11/12/2012   P A6 11/12/2012 11/12/2012 LIBRO
    Dewey Decimal Classification Buone Condizioni Not For Loan PAULUS-BIBLIOTECA PAULUS-BIBLIOTECA 14/12/2012   P A6 14/12/2012 14/12/2012 LIBRO
    Dewey Decimal Classification Buone Condizioni Not For Loan PAULUS-BIBLIOTECA PAULUS-BIBLIOTECA 14/12/2012   P A6 14/12/2012 14/12/2012 LIBRO
    Dewey Decimal Classification Buone Condizioni Not For Loan PAULUS-BIBLIOTECA PAULUS-BIBLIOTECA 14/12/2012   P A6 14/12/2012 14/12/2012 LIBRO
    Dewey Decimal Classification Buone Condizioni Not For Loan PAULUS-BIBLIOTECA PAULUS-BIBLIOTECA 14/12/2012   P A6 14/12/2012 14/12/2012 LIBRO
    Dewey Decimal Classification Buone Condizioni Not For Loan PAULUS-BIBLIOTECA PAULUS-BIBLIOTECA 14/12/2012   P A6 14/12/2012 14/12/2012 LIBRO
    Dewey Decimal Classification Buone Condizioni Not For Loan PAULUS-BIBLIOTECA PAULUS-BIBLIOTECA 14/12/2012   P A6 14/12/2012 14/12/2012 LIBRO
CREDITS: SOCIETA' SAN PAOLO Via A.Severo, 58 - ROMA (RM) & PERIODICI SAN PAOLO SRL Via Giotto, 36 MILANO & CISF Via Giotto, 36 MILANO & EDIZIONI SAN PAOLO SRL,  Piazza Soncino, 5 CINISELLO BALSAMO (MI) -- ITALY